Diagnóstico de nuestro tiempo
Gardado en:
| Autor Principal: | |
|---|---|
| Formato: | Libro |
| Idioma: | Lingua castelá |
| Publicado: |
Ciudad de México
Fondo de Cultura Económica
1966
|
| Edición: | 4a. ed |
| Series: | Colección Popular, 9
|
| Subjects: | |
| Tags: |
Engadir etiqueta
Sen Etiquetas, Sexa o primeiro en etiquetar este rexistro!
|
MARC
| LEADER | 00000nam a2200000 a 4500 | ||
|---|---|---|---|
| 001 | UCS9533 | ||
| 003 | CL-VaPUC | ||
| 008 | 971121e19660000MX |||||||||||||||||spa|d | ||
| 082 | 0 | 4 | |a 301 |b MAN |2 21 |
| 100 | |a Mannheim, Karl |e autor |9 256899 | ||
| 245 | 1 | 0 | |a Diagnóstico de nuestro tiempo |
| 250 | |a 4a. ed | ||
| 300 | |a 232 p | ||
| 942 | |c BK | ||
| 945 | |d 19971121 00:00:00 |a jquezada | ||
| 260 | |a Ciudad de México |b Fondo de Cultura Económica |c 1966 | ||
| 650 | 0 | |a Sociología |9 255410 | |
| 650 | 0 | |a Educación |9 258661 | |
| 650 | 7 | |a CONCIENCIA SOCIAL |2 CL-VaPUC |9 394690 | |
| 650 | 0 | |a Cristianismo |9 257361 | |
| 650 | 0 | |a Aspectos sociológicos |9 309271 | |
| 583 | |a last modification |c 19971121 00:00:00 |k Rodrigo Vera | ||
| 490 | 0 | |a Colección Popular, 9 | |
| 999 | |c 263317 |d 263315 | ||
| 952 | |0 0 |1 0 |4 0 |6 301_000000000000000_MAN_1966 |7 0 |8 P |9 292542 |a BIBENE |b BIBENE |d 2019-11-19 |i 336707K |o 301 MAN 1966 |p 336707K |r 2025-01-15 |w 2019-11-19 |y BK |k ICO | ||